[Event "TUR-chT 2nd League"]
[Site "Konya"]
[Date "2017.07.22"]
[Round "8.3"]
[White "Guney, Gamze Nur"]
[Black "Bayrak, Asli"]
[Result "1-0"]
[WhiteElo "1776"]
[BlackElo "2056"]
[PlyCount "115"]
[EventDate "2017.07.17"]
[EventType "team-swiss"]
[EventRounds "9"]
[EventCountry "TUR"]
[SourceTitle "CBM 179 Extra"]
[Source "ChessBase"]
[SourceDate "2017.08.23"]
[SourceVersion "1"]
[SourceVersionDate "2017.08.23"]
[SourceQuality "1"]
[WhiteTeam "Mugla Ortaca Belediye"]
[BlackTeam "Dogukisla Izcilik"]
[WhiteTeamCountry "TUR"]
[BlackTeamCountry "TUR"]

1. d4 d5 2. c4 c6 3. Nf3 Nf6 4. cxd5 cxd5 5. Nc3 Nc6 6. a3 e6 7. Bg5 Be7 8. e3 Bd7 9. Bd3 Rc8 10. h3 Na5 11. 0-0 Nc4 12. Qe2 b5 13. Rfc1 a6 14. Bxf6 Bxf6 15. e4 dxe4 16. Nxe4 0-0 17. Nxf6+ Qxf6 18. Bxc4 bxc4 19. Ne5 Rfd8 20. a4 Qf4 21. Rxc4 Rxc4 22. Qxc4 Rc8 23. Qxa6 Qxd4 24. Nxd7 Qxd7 25. Qe2 h6 26. a5 Qd4 27. a6 Rc7 28. Rd1 Qb6 29. Qd3 Rc8 30. b3 Ra8 31. Ra1 Kf8 32. Qc4 Ra7 33. Ra4 Ke7 34. Qh4+ f6 35. Qc4 e5 36. b4 Rc7 37. Qg4 Rc1+ 38. Kh2 Qxf2 39. Qxg7+ Ke6 40. Qg8+ Ke7 41. Qg7+ Ke6 42. Qg4+ Ke7 43. Qe4 Qg1+ 44. Kg3 Rc3+ 45. Kh4 Qf2+ 46. Kh5 Rc4 47. Qh7+ Kd6 48. g4 Qe3 49. h4 Qf4 50. Qf5 Qg3 51. Qxf6+ Kd5 52. Ra5+ Kd4 53. Qd6+ Ke4 54. Qg6+ Kf3 55. Qd3+ Kg2 56. Qxg3+ Kxg3 57. Ra3+ Kf4 58. a7 1-0

[Event "TUR-chT 2nd League"]
[Site "Konya"]
[Date "2017.07.17"]
[Round "1.3"]
[White "Bayrak, Asli"]
[Black "Aladag, Begum"]
[Result "1-0"]
[WhiteElo "2056"]
[BlackElo "1379"]
[PlyCount "87"]
[EventDate "2017.07.17"]
[EventType "team-swiss"]
[EventRounds "9"]
[EventCountry "TUR"]
[SourceTitle "CBM 179 Extra"]
[Source "ChessBase"]
[SourceDate "2017.08.23"]
[SourceVersion "1"]
[SourceVersionDate "2017.08.23"]
[SourceQuality "1"]
[WhiteTeam "Dogukisla Izcilik"]
[BlackTeam "Mersin Zeka"]
[WhiteTeamCountry "TUR"]
[BlackTeamCountry "TUR"]

1. e4 c5 2. c3 Nf6 3. e5 Nd5 4. d4 cxd4 5. Nf3 e6 6. cxd4 d6 7. Nc3 Nxc3 8. bxc3 Be7 9. exd6 Bxd6 10. Bd3 Nd7 11. 0-0 0-0 12. Bg5 Qa5 13. Qc2 h6 14. Be3 e5 15. Rab1 a6 16. Bh7+ Kh8 17. Be4 Rb8 18. Rfd1 Nf6 19. dxe5 Bxe5 20. Ba7 Ra8 21. Bb6 Qxc3 22. Qxc3 Bxc3 23. Bc5 Re8 24. Bxb7 Bxb7 25. Rxb7 Re2 26. a3 Kg8 27. h3 Ra2 28. Rb3 Ne4 29. Be3 Bb2 30. Rb7 Bxa3 31. Rdd7 Bd6 32. g3 Rf8 33. Ra7 a5 34. Nd4 a4 35. Nf5 Bc5 36. Ne7+ Bxe7 37. Rxe7 Nc3 38. Bc5 Rc8 39. Rxf7 Rxc5 40. Rxg7+ Kf8 41. Rgf7+ Ke8 42. Rh7 Ne2+ 43. Kh2 Rac2 44. Rh8# 1-0

[Event "EU-chT (Women) 08th"]
[Site "Novi Sad"]
[Date "2009.10.30"]
[Round "9"]
[White "Houska, Jovanka"]
[Black "Bayrak, Asli"]
[Result "1-0"]
[WhiteElo "2381"]
[BlackElo "2011"]
[PlyCount "103"]
[EventDate "2009.10.22"]
[EventType "team-swiss"]
[EventRounds "9"]
[EventCountry "YUG"]
[SourceTitle "EXT 2010"]
[Source "ChessBase"]
[SourceDate "2010.11.25"]
[SourceVersion "1"]
[SourceVersionDate "2010.11.25"]
[SourceQuality "1"]
[WhiteTeam "England (W)"]
[BlackTeam "Turkey (W)"]
[WhiteTeamCountry "ENG"]
[BlackTeamCountry "TUR"]

1. d4 d5 2. Nf3 Nf6 3. c4 c6 4. e3 Bf5 5. Nc3 e6 6. Nh4 Bg6 7. Bd2 Nbd7 8. Be2 Be7 9. Nxg6 hxg6 10. Qc2 a6 11. g3 Qc7 12. 0-0-0 0-0-0 13. h4 dxc4 14. Bxc4 Nb6 15. Be2 c5 16. dxc5 Qxc5 17. Kb1 Kb8 18. e4 Nfd7 19. Bf4+ e5 20. Be3 Qc6 21. Qb3 f5 22. Nd5 Nxd5 23. Rxd5 Nc5 24. Bxc5 Rxd5 25. exd5 Qxc5 26. Bxa6 Qb4 27. Qxb4 Bxb4 28. Bb5 Kc7 29. f3 Kd6 30. Rd1 Bc5 31. Rd2 Be3 32. Re2 f4 33. gxf4 Bxf4 34. Bd3 Rxh4 35. Bxg6 Rh1+ 36. Kc2 Kxd5 37. Be4+ Kc4 38. b3+ Kd4 39. Bxb7 Be3 40. b4 g5 41. Kb3 Rg1 42. Rc2 Bf4 43. Rc4+ Ke3 44. a4 Kf2 45. Rc2+ Kg3 46. Re2 Rb1+ 47. Kc4 Rc1+ 48. Kb5 Rc7 49. Be4 g4 50. fxg4 Kxg4 51. a5 Bh6 52. a6 1-0

[Event "EU-chT (Women) 08th"]
[Site "Novi Sad"]
[Date "2009.10.27"]
[Round "6"]
[White "Petrovska, Katerina"]
[Black "Bayrak, Asli"]
[Result "0-1"]
[WhiteElo "2023"]
[BlackElo "2011"]
[PlyCount "118"]
[EventDate "2009.10.22"]
[EventType "team-swiss"]
[EventRounds "9"]
[EventCountry "YUG"]
[SourceTitle "EXT 2010"]
[Source "ChessBase"]
[SourceDate "2010.11.25"]
[SourceVersion "1"]
[SourceVersionDate "2010.11.25"]
[SourceQuality "1"]
[WhiteTeam "Macedonia (W)"]
[BlackTeam "Turkey (W)"]
[WhiteTeamCountry "MKD"]
[BlackTeamCountry "TUR"]

1. e4 e5 2. Nf3 Nc6 3. Bb5 a6 4. Bxc6 dxc6 5. Nc3 f6 6. d4 exd4 7. Qxd4 Qxd4 8. Nxd4 c5 9. Nde2 Be6 10. Nf4 Bf7 11. Nfd5 0-0-0 12. Bf4 Bd6 13. 0-0-0 Bxf4+ 14. Nxf4 Ne7 15. Rxd8+ Rxd8 16. Rd1 Re8 17. f3 b6 18. Ncd5 Nc6 19. a3 Kb7 20. Ne3 Ne7 21. g4 Nc6 22. Nf5 g5 23. Nd5 Bxd5 24. exd5 Ne5 25. d6 Nxf3 26. d7 Rd8 27. Ng7 Nd4 28. c3 Rxd7 29. cxd4 Rxg7 30. dxc5 bxc5 31. Rd5 Kc6 32. Rf5 Rf7 33. Kc2 Kb5 34. Kc3 a5 35. a4+ Kb6 36. Kc4 c6 37. Rxc5 Re7 38. Rf5 Re4+ 39. Kb3 Rb4+ 40. Kc3 Rxa4 41. Rxf6 Rxg4 42. Rh6 Rh4 43. Rxh4 gxh4 44. Kc4 h3 45. b3 c5 46. Kd3 Kb5 47. Kc3 h6 48. Kc2 Kb4 49. Kb2 a4 50. bxa4 Kxa4 51. Kc3 Kb5 52. Kb3 c4+ 53. Kc3 Kc5 54. Kc2 Kd4 55. Kd2 c3+ 56. Kc2 Kc4 57. Kc1 Kd3 58. Kd1 c2+ 59. Kc1 h5 0-1

[Event "EU-chT (Women) 08th"]
[Site "Novi Sad"]
[Date "2009.10.23"]
[Round "2"]
[White "Bayrak, Asli"]
[Black "Boric, Elena"]
[Result "1-0"]
[WhiteElo "2011"]
[BlackElo "2259"]
[PlyCount "78"]
[EventDate "2009.10.22"]
[EventType "team-swiss"]
[EventRounds "9"]
[EventCountry "YUG"]
[SourceTitle "EXT 2010"]
[Source "ChessBase"]
[SourceDate "2010.11.25"]
[SourceVersion "1"]
[SourceVersionDate "2010.11.25"]
[SourceQuality "1"]
[WhiteTeam "Turkey (W)"]
[BlackTeam "Bosnia&Hercegovina (W)"]
[WhiteTeamCountry "TUR"]
[BlackTeamCountry "BIH"]

1. e4 d5 2. exd5 Qxd5 3. Nc3 Qd6 4. d4 a6 5. Nf3 Nf6 6. g3 Bg4 7. h3 Bh5 8. Bg2 Nc6 9. g4 Bg6 10. 0-0 0-0-0 11. Be3 h5 12. g5 Ne4 13. Qe2 h4 14. Rfd1 e6 15. Ne5 Nxe5 16. Nxe4 Bxe4 17. Bxe4 Nc6 18. c4 f5 19. c5 Qd7 20. Bg2 Ne7 21. Rac1 c6 22. Bf4 Ng6 23. Bh2 Be7 24. f4 Rde8 25. b4 Bd8 26. a4 Bc7 27. Qf2 Ne7 28. b5 axb5 29. axb5 cxb5 30. Qa2 Nd5 31. Qa8+ Bb8 32. c6 Qe7 33. cxb7+ Kd7 34. Qa6 Qd6 35. Qxb5+ Ke7 36. Rc6 Qd7 37. Re1 Kf7 38. g6+ Kf8 39. Bxd5 exd5 1-0

[Event "Mediterranean-ch 7th"]
[Site "Rijeka"]
[Date "2009.09.14"]
[Round "5"]
[White "Bayrak, Asli"]
[Black "Nikcevic, Nebojsa"]
[Result "0-1"]
[WhiteElo "2011"]
[BlackElo "2374"]
[PlyCount "72"]
[EventDate "2009.09.11"]
[EventType "swiss"]
[EventRounds "9"]
[EventCountry "CRO"]
[SourceTitle "CBM 132 Extra"]
[Source "ChessBase"]
[SourceDate "2009.11.03"]
[SourceVersion "1"]
[SourceVersionDate "2009.11.03"]
[SourceQuality "1"]

1. e4 c5 2. Nc3 Nc6 3. g3 g6 4. Bg2 Bg7 5. d3 d6 6. f4 e6 7. Nf3 Nge7 8. 0-0 0-0 9. Be3 Nd4 10. e5 Nef5 11. Bf2 Nxf3+ 12. Qxf3 Rb8 13. Ne4 b6 14. g4 Bb7 15. Qd1 dxe5 16. gxf5 exf5 17. Nc3 Bxg2 18. Kxg2 exf4 19. Qf3 Qg5+ 20. Kh1 Qg4 21. Be1 g5 22. Nd5 Rfe8 23. Bc3 Re2 24. Bxg7 Kxg7 25. Nxf4 Qxf3+ 26. Rxf3 gxf4 27. Rxf4 Rxc2 28. Rg1+ Kf8 29. Rxf5 Rxb2 30. Rgf1 Rb7 31. Rh5 Rxa2 32. Rxh7 b5 33. Rh8+ Kg7 34. Rc8 b4 35. Rg1+ Kf6 36. h4 b3 0-1

[Event "Mediterranean-ch 7th"]
[Site "Rijeka"]
[Date "2009.09.14"]
[Round "6"]
[White "Fakhiridou, Ekaterini"]
[Black "Bayrak, Asli"]
[Result "1-0"]
[WhiteElo "2253"]
[BlackElo "2011"]
[PlyCount "91"]
[EventDate "2009.09.11"]
[EventType "swiss"]
[EventRounds "9"]
[EventCountry "CRO"]
[SourceTitle "CBM 132 Extra"]
[Source "ChessBase"]
[SourceDate "2009.11.03"]
[SourceVersion "1"]
[SourceVersionDate "2009.11.03"]
[SourceQuality "1"]

1. e4 e6 2. d3 c5 3. g3 g6 4. Bg2 Bg7 5. Nc3 Nc6 6. Be3 d6 7. Qd2 Nf6 8. Bh6 0-0 9. Bxg7 Kxg7 10. f4 Nd4 11. Nd1 Rb8 12. c3 Nc6 13. Ne2 d5 14. e5 Ng8 15. 0-0 b5 16. Kh1 Bb7 17. Nf2 b4 18. cxb4 cxb4 19. d4 Qb6 20. Rfd1 a5 21. Ng4 Ba6 22. Ng1 b3 23. a3 a4 24. Ne3 Na5 25. Ne2 Bxe2 26. Qxe2 Rfc8 27. g4 Nc4 28. f5 Nxe3 29. Qxe3 Rc2 30. f6+ Kh8 31. Rab1 Rbc8 32. g5 Qa5 33. Bf1 h6 34. Bd3 Kh7 35. h4 h5 36. Qf3 Kh8 37. Qf4 Qa7 38. Rf1 R2c7 39. Rbd1 Qb6 40. Rf2 Rc6 41. Rdf1 R6c7 42. Qe3 Rf8 43. Be2 Kh7 44. Bxh5 gxh5 45. Qf3 Nxf6 46. gxf6 1-0

[Event "Mediterranean-ch 7th"]
[Site "Rijeka"]
[Date "2009.09.13"]
[Round "4"]
[White "Paljusaj, Edmond"]
[Black "Bayrak, Asli"]
[Result "0-1"]
[WhiteElo "2288"]
[BlackElo "2011"]
[PlyCount "92"]
[EventDate "2009.09.11"]
[EventType "swiss"]
[EventRounds "9"]
[EventCountry "CRO"]
[SourceTitle "CBM 132 Extra"]
[Source "ChessBase"]
[SourceDate "2009.11.03"]
[SourceVersion "1"]
[SourceVersionDate "2009.11.03"]
[SourceQuality "1"]

1. e4 e5 2. Nf3 Nc6 3. Bb5 a6 4. Ba4 Nf6 5. 0-0 Be7 6. Re1 b5 7. Bb3 d6 8. c3 0-0 9. h3 Na5 10. Bc2 c5 11. d4 Qc7 12. Nbd2 Bd7 13. d5 c4 14. Nf1 Nb7 15. Ng3 Nc5 16. Nh4 g6 17. Nf3 Rfb8 18. Nh2 b4 19. Ng4 Nxg4 20. hxg4 bxc3 21. bxc3 Nd3 22. Bxd3 cxd3 23. Qxd3 Bxg4 24. Nf1 a5 25. c4 Bc8 26. Be3 f5 27. f3 f4 28. Bf2 Ba6 29. Nd2 g5 30. Kh2 h5 31. g3 fxg3+ 32. Kxg3 Qd7 33. Rh1 h4+ 34. Kg2 Kf7 35. Nf1 h3+ 36. Rxh3 Rh8 37. Rg3 Rac8 38. Ne3 Qa4 39. Qb3 Qb4 40. Rc1 Rc5 41. Qd1 Rcc8 42. c5 Rxc5 43. Nc2 Qc4 44. Bxc5 Qxc5 45. Ne1 Qe3 46. Rc2 Bf1+ 0-1

[Event "Olympiad Women-38"]
[Site "Dresden"]
[Date "2008.11.25"]
[Round "11"]
[White "Bayrak, Asli"]
[Black "Skinke, Katrina"]
[Result "0-1"]
[WhiteElo "2005"]
[BlackElo "2186"]
[PlyCount "62"]
[EventDate "2008.11.13"]
[EventType "team-swiss"]
[EventRounds "11"]
[EventCountry "GER"]
[SourceTitle "CBM 128"]
[Source "ChessBase"]
[SourceDate "2009.01.28"]
[SourceVersion "1"]
[SourceVersionDate "2009.01.28"]
[SourceQuality "1"]
[WhiteTeam "Turkey (W)"]
[BlackTeam "Latvia (W)"]
[WhiteTeamCountry "TUR"]
[BlackTeamCountry "LAT"]

1. e4 d6 2. d4 Nf6 3. f3 c5 4. d5 g6 5. c4 Bg7 6. Bd3 0-0 7. Ne2 e6 8. 0-0 exd5 9. exd5 Re8 10. Nbc3 Nbd7 11. Bf4 Ne5 12. Ng3 Nfd7 13. Re1 Nxd3 14. Rxe8+ Qxe8 15. Qxd3 Ne5 16. Qe2 Bd7 17. Nge4 Qe7 18. a4 a6 19. Ra3 f5 20. Bg5 Qf8 21. Nf2 Re8 22. Qf1 Nxc4 23. Rb3 Bc8 24. h3 Ne5 25. Bf4 h6 26. Bd2 Qf7 27. Qc1 Kh7 28. Qd1 Nc4 29. Bc1 Qe7 30. Qf1 Qe1 31. Na2 Bd4 0-1

[Event "Olympiad Women-38"]
[Site "Dresden"]
[Date "2008.11.19"]
[Round "6"]
[White "Franco Valencia, Beatriz Irene"]
[Black "Bayrak, Asli"]
[Result "1-0"]
[WhiteElo "2172"]
[BlackElo "2005"]
[PlyCount "87"]
[EventDate "2008.11.13"]
[EventType "team-swiss"]
[EventRounds "11"]
[EventCountry "GER"]
[SourceTitle "CBM 128"]
[Source "ChessBase"]
[SourceDate "2009.01.28"]
[SourceVersion "1"]
[SourceVersionDate "2009.01.28"]
[SourceQuality "1"]
[WhiteTeam "Columbia (W)"]
[BlackTeam "Turkey (W)"]
[WhiteTeamCountry "COL"]
[BlackTeamCountry "TUR"]

1. e4 e6 2. d3 d5 3. Nd2 c5 4. g3 Nc6 5. Bg2 g6 6. Ngf3 Bg7 7. 0-0 Nge7 8. Re1 0-0 9. h4 h6 10. Nh2 b6 11. Ndf1 Ba6 12. Ng4 Kh7 13. Qd2 Ng8 14. exd5 exd5 15. Nfe3 Nce7 16. c4 f5 17. Nh2 d4 18. Nd5 Rb8 19. Qc2 b5 20. Nxe7 Nxe7 21. cxb5 Rxb5 22. a4 Rb6 23. Qxc5 Rf7 24. b4 Bxd3 25. Bf4 Ng8 26. Rad1 Bf8 27. Qd5 Rd7 28. Qb3 Be4 29. b5 Bxg2 30. Kxg2 Bg7 31. Nf3 Qa8 32. a5 Rbb7 33. Kg1 Qd8 34. a6 Rb6 35. Ne5 Rd5 36. Nc6 Qd7 37. Nxa7 Nf6 38. Rc1 Qxa7 39. Rc7 Qa8 40. Ree7 Rdxb5 41. Rxg7+ Kh8 42. Qf7 Rb1+ 43. Bc1 Rxc1+ 44. Rxc1 1-0

[Event "WMSG Rapid Team 1st (Women)"]
[Site "Beijing"]
[Date "2008.10.14"]
[Round "2"]
[White "Bayrak, Asli"]
[Black "Hryhorenko, Nataliya"]
[Result "1/2-1/2"]
[WhiteElo "2005"]
[BlackElo "2349"]
[PlyCount "145"]
[EventDate "2008.10.14"]
[EventType "team (rapid)"]
[EventRounds "9"]
[EventCountry "CHN"]
[SourceTitle "CBM 126 Extra"]
[Source "ChessBase"]
[SourceDate "2008.11.05"]
[SourceVersion "1"]
[SourceVersionDate "2008.11.05"]
[SourceQuality "1"]

1. e4 e6 2. d4 d5 3. e5 c5 4. c3 Nc6 5. Nf3 Nh6 6. a3 cxd4 7. cxd4 f6 8. Nc3 Nf7 9. Bf4 g5 10. Be3 fxe5 11. Nxe5 Ncxe5 12. dxe5 Bg7 13. f4 gxf4 14. Bxf4 Bxe5 15. Bxe5 Nxe5 16. Qh5+ Ng6 17. Bd3 Qh4+ 18. Qxh4 Nxh4 19. 0-0 Bd7 20. Rae1 0-0-0 21. Rf7 Ng6 22. Nb5 Kb8 23. Bxg6 hxg6 24. Nd4 Rhe8 25. Re5 Rf8 26. Rg7 Rf6 27. Re7 Kc7 28. Nxe6+ Kd6 29. Nd4 Rc8 30. Re1 Rc4 31. Nf3 Rc2 32. b4 Ra2 33. R7e3 Rf4 34. R1e2 Rxe2 35. Rxe2 Rc4 36. Rd2 Rc3 37. Ra2 Bg4 38. Nd4 Rd3 39. Nc2 d4 40. Kf2 Kd5 41. h3 Be6 42. Ne1 Rc3 43. Nf3 Kc4 44. Rd2 d3 45. Ne5+ Kd4 46. Nf3+ Kc4 47. Ne5+ Kd4 48. Nf3+ Kd5 49. Ke3 Rxa3 50. Rxd3+ Rxd3+ 51. Kxd3 b6 52. Nh4 Bf7 53. g4 a5 54. bxa5 bxa5 55. Nf3 a4 56. Kc3 Be8 57. Kb4 Ke4 58. Nh4 g5 59. Nf5 Kf4 60. Ng7 Bd7 61. Nh5+ Kf3 62. Nf6 Bc6 63. Nh7 Kf4 64. Nf6 Kg3 65. Nh7 Kh4 66. Ka3 Be8 67. Nxg5 Kxg5 68. Ka2 Kh4 69. Ka3 Bd7 70. Ka2 Bc6 71. Ka3 Be8 72. Ka2 Kxh3 73. Ka3 1/2-1/2

[Event "WMSG Blitz Team 1st (Women)"]
[Site "Beijing"]
[Date "2008.10.13"]
[Round "8"]
[White "Bayrak, Asli"]
[Black "Ni, Viktorija"]
[Result "1-0"]
[WhiteElo "2005"]
[BlackElo "2168"]
[PlyCount "71"]
[EventDate "2008.10.13"]
[EventType "team (blitz)"]
[EventRounds "11"]
[EventCountry "CHN"]
[SourceTitle "CBM 126 Extra"]
[Source "ChessBase"]
[SourceDate "2008.11.05"]
[SourceVersion "1"]
[SourceVersionDate "2008.11.05"]
[SourceQuality "1"]

1. e4 c5 2. Nc3 e6 3. g3 Nc6 4. Bg2 g6 5. d3 Bg7 6. f4 d6 7. Nf3 Nge7 8. 0-0 0-0 9. Be3 Rb8 10. Kh1 b6 11. d4 cxd4 12. Nxd4 Nxd4 13. Bxd4 e5 14. Be3 f5 15. Nd5 fxe4 16. Bxe4 Bb7 17. Nxe7+ Qxe7 18. Bxb7 Qxb7+ 19. Kg1 Rbd8 20. c3 h5 21. Qb3+ Kh7 22. Rad1 h4 23. Qd5 Qe7 24. Rd3 e4 25. Rd2 Rf5 26. Qb3 hxg3 27. hxg3 Rh5 28. Rh2 Rxh2 29. Kxh2 Rh8 30. Rh1 Bh6 31. Kg2 Qf8 32. Bd4 Rg8 33. g4 Qxf4 34. Qe6 Qf3+ 35. Kh2 Bf4+ 36. Kg1+ 1-0

[Event "WMSG Blitz Team 1st (Women)"]
[Site "Beijing"]
[Date "2008.10.13"]
[Round "3"]
[White "Swati, Ghate"]
[Black "Bayrak, Asli"]
[Result "1-0"]
[WhiteElo "2320"]
[BlackElo "2005"]
[PlyCount "129"]
[EventDate "2008.10.13"]
[EventType "team (blitz)"]
[EventRounds "11"]
[EventCountry "CHN"]
[SourceTitle "CBM 126 Extra"]
[Source "ChessBase"]
[SourceDate "2008.11.05"]
[SourceVersion "1"]
[SourceVersionDate "2008.11.05"]
[SourceQuality "1"]

1. e4 e6 2. d4 d5 3. Nc3 Bb4 4. e5 c5 5. a3 Bxc3+ 6. bxc3 Ne7 7. Qg4 Nbc6 8. Bd3 c4 9. Be2 Qa5 10. Bd2 Bd7 11. Nf3 0-0-0 12. 0-0 Rdg8 13. a4 f5 14. exf6 gxf6 15. Qf4 Nf5 16. Rfb1 h5 17. h3 Rg6 18. Bf1 Rhg8 19. Be1 Qc7 20. Qxc7+ Kxc7 21. a5 e5 22. Bd2 e4 23. Bf4+ Kc8 24. Nd2 Nh4 25. g3 Nf3+ 26. Nxf3 exf3 27. h4 R6g7 28. a6 b6 29. Re1 Re7 30. Rxe7 Nxe7 31. Re1 Re8 32. Re3 Bb5 33. Bh3+ Kd8 34. Bb8 Bxa6 35. Rxf3 Bc8 36. Bxc8 Kxc8 37. Bd6 Ng8 38. Rf5 Re6 39. Rxd5 Nh6 40. Ba3 Ng4 41. Rxh5 Re1+ 42. Kg2 Ra1 43. Bd6 a5 44. Rb5 Kb7 45. h5 a4 46. Kf3 Nh6 47. Bf4 Nf7 48. Rf5 a3 49. Rxf6 a2 50. Rxf7+ Ka6 51. Bb8 Kb5 52. Ra7 Rh1 53. Rxa2 Rxh5 54. g4 Rh8 55. Be5 Rf8+ 56. Kg2 Kc6 57. g5 Kd5 58. f4 Ke4 59. Ra1 Kf5 60. Ra7 Rg8 61. Rf7+ Kg4 62. Rg7 Rf8 63. g6 Kf5 64. Rf7+ Rxf7 65. gxf7 1-0

[Event "Wch U20 Girls"]
[Site "Gaziantep"]
[Date "2008.08.15"]
[Round "13"]
[White "Bayrak, Asli"]
[Black "Acar, Gizem"]
[Result "1-0"]
[WhiteElo "2013"]
[BlackElo "1931"]
[PlyCount "93"]
[EventDate "2008.08.03"]
[EventType "swiss"]
[EventRounds "13"]
[EventCountry "TUR"]
[SourceTitle "CBM 125 Extra"]
[Source "ChessBase"]
[SourceDate "2008.09.01"]
[SourceVersion "1"]
[SourceVersionDate "2008.09.01"]
[SourceQuality "1"]

1. e4 d6 2. d4 g6 3. c4 Bg7 4. Nf3 Nf6 5. Nc3 0-0 6. Be2 c6 7. h3 Qa5 8. 0-0 e5 9. d5 c5 10. a3 a6 11. Bd2 Qd8 12. b4 Nbd7 13. Bg5 Qc7 14. Qd2 Nb6 15. bxc5 Qxc5 16. Qa2 Bd7 17. Be3 Qc7 18. a4 Nh5 19. Rfb1 Nc8 20. Qb3 Rb8 21. a5 Nf4 22. Bf1 f5 23. Bb6 Nxb6 24. Qxb6 Rfc8 25. Qxc7 Rxc7 26. Rb6 Bf8 27. Rab1 Rc5 28. Rxb7 Rxb7 29. Rxb7 Bc8 30. Rb8 Bd7 31. Rd8 Rc7 32. Ra8 Bc8 33. Na4 Kg7 34. exf5 gxf5 35. g3 Ng6 36. Ng5 h6 37. Ne6+ Bxe6 38. dxe6 Kf6 39. Rxa6 Kxe6 40. c5 Kd5 41. Bb5 e4 42. Rb6 Ne5 43. c6 Nxc6 44. Bxc6+ Rxc6 45. a6 Rxb6 46. Nxb6+ Kc6 47. a7 1-0

[Event "Wch U20 Girls"]
[Site "Gaziantep"]
[Date "2008.08.05"]
[Round "4"]
[White "Sgircea, Silvia Raluca"]
[Black "Bayrak, Asli"]
[Result "1-0"]
[WhiteElo "2226"]
[BlackElo "2013"]
[PlyCount "155"]
[EventDate "2008.08.03"]
[EventType "swiss"]
[EventRounds "13"]
[EventCountry "TUR"]
[SourceTitle "CBM 125 Extra"]
[Source "ChessBase"]
[SourceDate "2008.09.01"]
[SourceVersion "1"]
[SourceVersionDate "2008.09.01"]
[SourceQuality "1"]

1. Nf3 d5 2. c4 dxc4 3. Qa4+ c6 4. Qxc4 Nf6 5. e3 e6 6. d4 Be7 7. Bd3 b5 8. Qc2 a5 9. Ne5 Qb6 10. Nc3 Ba6 11. Qe2 0-0 12. 0-0 b4 13. Na4 Bxd3 14. Nxd3 Qb5 15. b3 Na6 16. Bb2 Nd7 17. Rfd1 Bf6 18. Rac1 c5 19. dxc5 Bxb2 20. Qxb2 Rac8 21. Qd4 h6 22. Nxb4 Naxc5 23. Nxc5 Nxc5 24. Nc2 Na6 25. Na3 Qb8 26. Rxc8 Rxc8 27. Nc4 Nb4 28. a3 Nc6 29. Qb2 Rd8 30. Rxd8+ Qxd8 31. Qd2 Qf6 32. h3 Qf5 33. Qd7 Ne5 34. Qe8+ Kh7 35. Nxe5 Qxe5 36. Qxf7 a4 37. bxa4 Qa1+ 38. Kh2 Qxa3 39. Qd7 Qa2 40. Qd3+ Kh8 41. Qd8+ Kh7 42. a5 Qxf2 43. Qd3+ Kh8 44. a6 Qb2 45. Qd8+ Kh7 46. Qd4 Qb8+ 47. Qf4 Qb6 48. Qe4+ Kh8 49. Qb7 Qd6+ 50. Kg1 Qd1+ 51. Kf2 Qd2+ 52. Kf3 Qd1+ 53. Ke4 Qc2+ 54. Ke5 Qc5+ 55. Kf4 Qf5+ 56. Kg3 Qg5+ 57. Kf2 Qh4+ 58. Kf3 Qh5+ 59. Ke4 Qf5+ 60. Kd4 e5+ 61. Kc3 Qf2 62. Qb8+ Kh7 63. Qxe5 Qe1+ 64. Kb3 Qb1+ 65. Ka4 Qa2+ 66. Kb5 Qb3+ 67. Kc5 Qc2+ 68. Kb6 Qb1+ 69. Ka7 Qd3 70. e4 Qd7+ 71. Kb6 Qd8+ 72. Kb7 Qd7+ 73. Qc7 Qb5+ 74. Ka7 Qd3 75. e5 Kg8 76. e6 Qe3+ 77. Qb6 Qe4 78. Qd8+ 1-0

[Event "TUR-ch (Women)"]
[Site "Konya"]
[Date "2008.07.14"]
[Round "3"]
[White "Ozturk, Hilal"]
[Black "Bayrak, Asli"]
[Result "0-1"]
[WhiteElo "1686"]
[BlackElo "2013"]
[PlyCount "68"]
[EventDate "2008.07.12"]
[EventType "swiss"]
[EventRounds "9"]
[EventCountry "TUR"]
[SourceTitle "CBM 125 Extra"]
[Source "ChessBase"]
[SourceDate "2008.09.01"]
[SourceVersion "1"]
[SourceVersionDate "2008.09.01"]
[SourceQuality "1"]

1. e4 e6 2. d4 d5 3. exd5 exd5 4. Bd3 Bd6 5. Nc3 c6 6. h3 Ne7 7. Qf3 Qc7 8. Nge2 Ng6 9. Qe3+ Qe7 10. Qxe7+ Bxe7 11. 0-0 Bf6 12. Nd1 b6 13. c3 Ba6 14. Nf4 Nxf4 15. Bxa6 Nxh3+ 16. gxh3 Nxa6 17. Ne3 h5 18. Nf5 Nc7 19. Nd6+ Ke7 20. Bf4 Ne6 21. Rae1 g6 22. Be5 Rhd8 23. f4 Rxd6 24. Bxd6+ Kxd6 25. f5 gxf5 26. Rxf5 Rg8+ 27. Kh1 Rg6 28. Ref1 Ke7 29. Rxh5 Ng5 30. Rg1 Ke6 31. Re1+ Ne4 32. Kh2 Be7 33. Kh1 Kd7 34. Rh7 Nf2+ 0-1

[Event "EU-ch (Women) 9th"]
[Site "Plovdiv"]
[Date "2008.05.02"]
[Round "11"]
[White "Bayrak, Asli"]
[Black "Stefanova, Milena"]
[Result "0-1"]
[WhiteElo "2031"]
[BlackElo "2029"]
[PlyCount "114"]
[EventDate "2008.04.21"]
[EventType "swiss"]
[EventRounds "11"]
[EventCountry "BUL"]
[SourceTitle "CBM 123 Extra"]
[Source "ChessBase"]
[SourceDate "2008.05.06"]
[SourceVersion "1"]
[SourceVersionDate "2008.05.06"]
[SourceQuality "1"]

1. e4 d5 2. exd5 Nf6 3. d4 Nxd5 4. Nf3 Bg4 5. Be2 e6 6. c3 Be7 7. 0-0 0-0 8. Re1 c5 9. h3 Bf5 10. Nbd2 Nc6 11. Nc4 cxd4 12. Nxd4 Nxd4 13. Qxd4 Rc8 14. Bf1 Bc5 15. Qd1 Qh4 16. Ne3 Rfd8 17. Qf3 Bg6 18. a3 Bh5 19. g4 Bg6 20. Ng2 Qf6 21. Qxf6 Nxf6 22. b4 Bb6 23. c4 Bd4 24. Ra2 Bc3 25. Re3 Bd4 26. Rb3 Ne4 27. Be3 Bxe3 28. Nxe3 Nd2 29. Rc3 h5 30. Bg2 b6 31. Rc1 hxg4 32. hxg4 Rd4 33. Rd1 Rcd8 34. c5 bxc5 35. bxc5 Nc4 36. Rxd4 Rxd4 37. c6 Nb6 38. Rb2 Bd3 39. Rb4 Rxb4 40. axb4 Kf8 41. g5 Ke7 42. f4 Kd6 43. Ng4 Bb5 44. Ne5 f6 45. Nf7+ Ke7 46. g6 Bd3 47. Nh8 Nd5 48. Bxd5 exd5 49. Kf2 d4 50. Ke1 Bb5 51. Kd2 Kd6 52. Nf7+ Kxc6 53. Nd8+ Kd5 54. Kc2 Bd7 55. Nb7 Bf5+ 56. Kd2 Bxg6 57. Nc5 a5 0-1

[Event "EU-ch (Women) 9th"]
[Site "Plovdiv"]
[Date "2008.04.30"]
[Round "9"]
[White "Bayrak, Asli"]
[Black "Nikolova, Adriana"]
[Result "0-1"]
[WhiteElo "2031"]
[BlackElo "2219"]
[PlyCount "68"]
[EventDate "2008.04.21"]
[EventType "swiss"]
[EventRounds "11"]
[EventCountry "BUL"]
[SourceTitle "CBM 123 Extra"]
[Source "ChessBase"]
[SourceDate "2008.05.06"]
[SourceVersion "1"]
[SourceVersionDate "2008.05.06"]
[SourceQuality "1"]

1. e4 c5 2. Nf3 d6 3. c3 Nf6 4. Bd3 Bg4 5. Bc2 e5 6. d3 Be7 7. Nbd2 Qc7 8. h3 Bh5 9. Nf1 Nc6 10. Ng3 Bg6 11. 0-0 0-0-0 12. Qe2 Nh5 13. Nf5 Bxf5 14. exf5 g6 15. Ng5 Rdf8 16. Bb3 Bd8 17. fxg6 hxg6 18. Bd2 Kb8 19. Rac1 Bxg5 20. Bxg5 f6 21. Bd2 g5 22. Rfd1 Rh7 23. Be3 Qe7 24. Qd2 Nf4 25. d4 Kc7 26. dxc5 dxc5 27. Bxf4 gxf4 28. Qd5 f5 29. Re1 Rd8 30. Qe6 Qg5 31. Rcd1 Rg7 32. Bd5 e4 33. Bxe4 fxe4 34. Qxe4 Rdg8 0-1